[Event "BEL-chT 2223"]
[Site "Belgium"]
[Date "2023.03.05"]
[Round "8.4"]
[White "Ernst, Sipke"]
[Black "Saiboulatov, Danial"]
[Result "1-0"]
[WhiteElo "2526"]
[BlackElo "2371"]
[PlyCount "53"]
[EventDate "2022.09.25"]
[EventType "team-tourn"]
[EventRounds "11"]
[EventCountry "BEL"]
[SourceTitle "CBM 213 Extra"]
[Source "ChessBase"]
[SourceDate "2023.05.31"]
[SourceVersion "1"]
[SourceVersionDate "2023.05.31"]
[SourceQuality "1"]
[WhiteTeam "KBSK Brugge"]
[BlackTeam "Charleroi CREC"]
[WhiteTeamCountry "BEL"]
[BlackTeamCountry "BEL"]

1. d4 e6 2. c4 Bb4+ 3. Bd2 a5 4. Nf3 d6 5. Nc3 Nf6 6. Qc2 b6 7. e4 Bb7 8. Bd3 Nbd7 9. a3 Bxc3 10. Bxc3 Qe7 11. e5 Nh5 12. Be4 d5 13. cxd5 exd5 14. Bf5 Nf4 15. 0-0 g6 16. Qd2 Ne6 17. Bxe6 fxe6 18. b4 axb4 19. axb4 b5 20. Rxa8+ Bxa8 21. Qd3 Bc6 22. Bd2 Nb6 23. Bg5 Qxb4 24. Bf6 Rf8 25. Ng5 Kd7 26. Nxe6 Re8 27. Ng7 1-0

[Event "BEL-chT 2223"]
[Site "Belgium"]
[Date "2023.02.12"]
[Round "7.4"]
[White "Saiboulatov, Danial"]
[Black "Orlov, Andrey"]
[Result "1/2-1/2"]
[WhiteElo "2371"]
[BlackElo "2507"]
[PlyCount "29"]
[EventDate "2022.09.25"]
[EventType "team-tourn"]
[EventRounds "11"]
[EventCountry "BEL"]
[SourceTitle "CBM 213 Extra"]
[Source "ChessBase"]
[SourceDate "2023.05.31"]
[SourceVersion "1"]
[SourceVersionDate "2023.05.31"]
[SourceQuality "1"]
[WhiteTeam "Charleroi CREC"]
[BlackTeam "Tal"]
[WhiteTeamCountry "BEL"]
[BlackTeamCountry "BEL"]

1. e4 c5 2. Nf3 a6 3. c3 d5 4. exd5 Qxd5 5. d4 e6 6. Be2 Nf6 7. Be3 cxd4 8. cxd4 Nc6 9. Nc3 Qd8 10. 0-0 Be7 11. a3 0-0 12. Rc1 Bd7 13. Qb3 b5 14. Ne5 b4 15. axb4 1/2-1/2

[Event "BEL-chT 1718"]
[Site "Belgium"]
[Date "2018.03.25"]
[Round "9.2"]
[White "Feygin, Michael"]
[Black "Saiboulatov, Danial"]
[Result "1-0"]
[WhiteElo "2490"]
[BlackElo "2388"]
[PlyCount "126"]
[EventDate "2017.09.24"]
[EventType "team-tourn"]
[EventRounds "11"]
[EventCountry "BEL"]
[SourceTitle "EXT 2019"]
[Source "ChessBase"]
[SourceDate "2018.10.10"]
[SourceVersion "1"]
[SourceVersionDate "2018.10.10"]
[SourceQuality "1"]
[WhiteTeam "KSK Rochade"]
[BlackTeam "Charleroi CREC"]
[WhiteTeamCountry "BEL"]
[BlackTeamCountry "BEL"]

1. e4 e6 2. d4 d5 3. Nd2 Nf6 4. e5 Nfd7 5. c3 c5 6. f4 Nc6 7. Ndf3 Qb6 8. Ne2 Be7 9. g3 f6 10. Bh3 cxd4 11. cxd4 0-0 12. Bxe6+ Kh8 13. exf6 Nxf6 14. Bxc8 Bb4+ 15. Kf1 Raxc8 16. Kg2 Rce8 17. a3 Qa6 18. Ne5 Nxe5 19. dxe5 Bc5 20. Rf1 Qc4 21. Rf3 Ng4 22. b3 Qa6 23. Qd3 Qc6 24. h3 Nh6 25. Bb2 Nf5 26. Rc1 Qb6 27. b4 Be3 28. Rd1 Rc8 29. Bd4 Bxd4 30. Nxd4 Ne7 31. f5 Rc4 32. e6 Ng8 33. Ne2 Nf6 34. Nf4 Qc6 35. Ne2 Rc8 36. Nd4 Qe8 37. g4 Ne4 38. Qe3 a5 39. Ne2 axb4 40. axb4 Rxb4 41. Rxd5 Rc2 42. Qd3 Rd2 43. Qxd2 Nxd2 44. Rxd2 h6 45. Nf4 Qc6 46. Ng6+ Kh7 47. e7 Qe4 48. Kf2 Rb1 49. Re2 Rf1+ 50. Kxf1 Qxf3+ 51. Ke1 Qg3+ 52. Kd2 Qd6+ 53. Ke3 Qg3+ 54. Ke4 Qb8 55. Kf3 Qe8 56. Kg3 b5 57. Rd2 Qc6 58. Re2 Qe8 59. Re4 Kg8 60. Rd4 b4 61. Rd8 Kf7 62. Ne5+ Kxe7 63. Rxe8+ Kxe8 1-0

[Event "BEL-chT 1617"]
[Site "Belgium"]
[Date "2017.02.19"]
[Round "8.3"]
[White "Henrichs, Thomas"]
[Black "Saiboulatov, Danial"]
[Result "1-0"]
[WhiteElo "2475"]
[BlackElo "2373"]
[PlyCount "77"]
[EventDate "2016.10.02"]
[EventType "team-tourn"]
[EventRounds "11"]
[EventCountry "BEL"]
[SourceTitle "EXT 2018"]
[Source "ChessBase"]
[SourceDate "2017.10.13"]
[SourceVersion "1"]
[SourceVersionDate "2017.10.13"]
[SourceQuality "1"]
[WhiteTeam "Eynatten"]
[BlackTeam "Charleroi CREC"]
[WhiteTeamCountry "BEL"]
[BlackTeamCountry "BEL"]

1. e4 e6 2. d4 d5 3. Nc3 Bb4 4. e5 c5 5. a3 Bxc3+ 6. bxc3 Qc7 7. Qg4 f5 8. Qg3 cxd4 9. cxd4 Ne7 10. Ne2 0-0 11. c3 Ng6 12. Rb1 b6 13. h4 Rf7 14. h5 Nf8 15. Nf4 Ba6 16. Bxa6 Nxa6 17. Qd3 Nb8 18. a4 Nbd7 19. Rh3 Rc8 20. Ba3 Qc4 21. Qd1 Rd8 22. Bd6 g5 23. hxg6 hxg6 24. Rb4 Qc6 25. Kf1 Rh7 26. Rxh7 Kxh7 27. g4 a5 28. Rb1 fxg4 29. Qxg4 Qxc3 30. Kg2 Qxd4 31. Re1 Rc8 32. Qh3+ Kg8 33. Nxe6 Qc4 34. Nxf8 Nxf8 35. e6 d4 36. Qg3 Qd5+ 37. Kg1 Rc3 38. e7 Rxg3+ 39. Bxg3 1-0

[Event "BEL-chT 1617"]
[Site "Belgium"]
[Date "2016.12.04"]
[Round "5.5"]
[White "Saiboulatov, Danial"]
[Black "Van der Lende, Ilias"]
[Result "0-1"]
[WhiteElo "2373"]
[BlackElo "2347"]
[PlyCount "52"]
[EventDate "2016.10.02"]
[EventType "team-tourn"]
[EventRounds "11"]
[EventCountry "BEL"]
[SourceTitle "EXT 2018"]
[Source "ChessBase"]
[SourceDate "2017.10.13"]
[SourceVersion "1"]
[SourceVersionDate "2017.10.13"]
[SourceQuality "1"]
[WhiteTeam "Charleroi CREC"]
[BlackTeam "Wachtebeke"]
[WhiteTeamCountry "BEL"]
[BlackTeamCountry "BEL"]

1. e4 e6 2. d4 d5 3. Nd2 Nc6 4. Ngf3 Nf6 5. e5 Nd7 6. Bd3 Nb4 7. Be2 c5 8. c3 Nc6 9. Nf1 a5 10. Ne3 cxd4 11. cxd4 a4 12. a3 Nb6 13. 0-0 Bd7 14. Ne1 Na5 15. f4 Rc8 16. f5 exf5 17. Nxf5 Nb3 18. Rb1 Bxf5 19. Rxf5 Nxd4 20. Rf4 Nxe2+ 21. Qxe2 Bc5+ 22. Kh1 0-0 23. Nd3 Nc4 24. Qh5 Qb6 25. Rh4 Qg6 26. Qf3 Nxe5 0-1

[Event "BEL-chT 1415"]
[Site "Belgium"]
[Date "2014.10.19"]
[Round "2.5"]
[White "Verlinde, Tieme"]
[Black "Saiboulatov, Danial"]
[Result "1/2-1/2"]
[WhiteElo "2268"]
[BlackElo "2371"]
[PlyCount "56"]
[EventDate "2014.09.28"]
[EventType "team-swiss"]
[EventRounds "11"]
[EventCountry "BEL"]
[SourceTitle "EXT 2015"]
[Source "ChessBase"]
[SourceDate "2014.11.20"]
[SourceVersion "1"]
[SourceVersionDate "2014.11.20"]
[SourceQuality "1"]
[WhiteTeam "KBSK Brugge"]
[BlackTeam "Charleroi CREC"]
[WhiteTeamCountry "BEL"]
[BlackTeamCountry "BEL"]

1. e4 e6 2. d3 d5 3. Nd2 Nf6 4. Ngf3 b6 5. g3 Bb7 6. Bg2 dxe4 7. Ng5 Be7 8. 0-0 Nbd7 9. Ndxe4 Qc8 10. Qe2 0-0 11. Rd1 h6 12. Nf3 a5 13. b3 a4 14. Bd2 Rd8 15. Bc3 Nd5 16. Be1 N5f6 17. Bc3 Nd5 18. Be1 N5f6 19. Bc3 Ra7 20. Ne5 Nd5 21. Qh5 Nxe5 22. Bxe5 f6 23. c4 fxe5 24. cxd5 Bxd5 25. Qxe5 Ra5 26. Rdc1 c6 27. bxa4 Rxa4 28. Rab1 Ra6 1/2-1/2

[Event "BEL-chT 1314"]
[Site "Belgium"]
[Date "2014.03.16"]
[Round "11.2"]
[White "Saiboulatov, Danial"]
[Black "Feygin, Michael"]
[Result "1/2-1/2"]
[WhiteElo "2388"]
[BlackElo "2512"]
[PlyCount "59"]
[EventDate "2013.09.22"]
[EventType "team-tourn"]
[EventRounds "11"]
[EventCountry "BEL"]
[SourceTitle "EXT 2015"]
[Source "ChessBase"]
[SourceDate "2014.11.20"]
[SourceVersion "1"]
[SourceVersionDate "2014.11.20"]
[SourceQuality "1"]
[WhiteTeam "Charleroi CREC"]
[BlackTeam "KSK Rochade"]
[WhiteTeamCountry "BEL"]
[BlackTeamCountry "BEL"]

1. e4 e6 2. d4 d5 3. Nd2 Be7 4. Ngf3 Nf6 5. e5 Nfd7 6. Bd3 c5 7. c3 Nc6 8. 0-0 a5 9. a4 cxd4 10. cxd4 Nb6 11. Re1 Bd7 12. Nf1 Nb4 13. Bb1 Rc8 14. b3 Rc7 15. h4 h6 16. h5 Nc8 17. Bf4 Na7 18. N3h2 b5 19. Qg4 Bf8 20. Bd2 bxa4 21. bxa4 Nac6 22. Re3 Qb8 23. Rf3 Qb6 24. Bc3 Bc8 25. Nd2 Ba6 26. Re3 Kd8 27. Nhf3 Kc8 28. Nb3 Kb8 29. g3 Bc8 30. Qf4 1/2-1/2

[Event "BEL-chT 1314"]
[Site "Belgium"]
[Date "2014.02.09"]
[Round "9.3"]
[White "Saiboulatov, Danial"]
[Black "Vandenbussche, Thibaut"]
[Result "0-1"]
[WhiteElo "2388"]
[BlackElo "2392"]
[PlyCount "50"]
[EventDate "2013.09.22"]
[EventType "team-tourn"]
[EventRounds "11"]
[EventCountry "BEL"]
[SourceTitle "EXT 2015"]
[Source "ChessBase"]
[SourceDate "2014.11.20"]
[SourceVersion "1"]
[SourceVersionDate "2014.11.20"]
[SourceQuality "1"]
[WhiteTeam "Charleroi CREC"]
[BlackTeam "KGSRL"]
[WhiteTeamCountry "BEL"]
[BlackTeamCountry "BEL"]

1. e4 d6 2. d4 Nf6 3. Nc3 e5 4. dxe5 dxe5 5. Qxd8+ Kxd8 6. Bg5 c6 7. 0-0-0+ Nbd7 8. Nf3 Ke8 9. Bh4 Bc5 10. Bc4 b5 11. Bb3 a5 12. a4 b4 13. Nb1 Ng4 14. Rd2 Be7 15. Rhd1 f6 16. h3 Nh6 17. Ne1 Nc5 18. f3 Nf7 19. Bf2 Ba6 20. Be3 Nd8 21. Rf2 Ndb7 22. Nd2 Rd8 23. Nf1 Nxb3+ 24. cxb3 Kf7 25. Ng3 Nc5 0-1

[Event "BEL-chT 1314"]
[Site "Belgium"]
[Date "2014.01.12"]
[Round "7.4"]
[White "De Haan, Eric"]
[Black "Saiboulatov, Danial"]
[Result "1/2-1/2"]
[WhiteElo "2300"]
[BlackElo "2388"]
[PlyCount "50"]
[EventDate "2013.09.22"]
[EventType "team-tourn"]
[EventRounds "11"]
[EventCountry "BEL"]
[SourceTitle "EXT 2015"]
[Source "ChessBase"]
[SourceDate "2014.11.20"]
[SourceVersion "1"]
[SourceVersionDate "2014.11.20"]
[SourceQuality "1"]
[WhiteTeam "Borgerhout"]
[BlackTeam "Charleroi CREC"]
[WhiteTeamCountry "BEL"]
[BlackTeamCountry "BEL"]

1. d4 e6 2. c4 Nf6 3. Nc3 Bb4 4. e3 b6 5. Nge2 c6 6. a3 Be7 7. e4 0-0 8. Ng3 d5 9. e5 Ne8 10. cxd5 exd5 11. Be3 f5 12. exf6 Nxf6 13. Be2 Bd6 14. 0-0 a5 15. Rc1 Ra7 16. Na4 Raf7 17. Bd2 Kh8 18. b4 Ne4 19. Nxe4 dxe4 20. bxa5 Rxf2 21. Rxf2 Bxh2+ 22. Kxh2 Qh4+ 23. Kg1 Qxf2+ 24. Kh1 Qh4+ 25. Kg1 Qf2+ 1/2-1/2

[Event "BEL-chT 1314"]
[Site "Belgium"]
[Date "2013.12.15"]
[Round "6.3"]
[White "Hoffmann, Michael"]
[Black "Saiboulatov, Danial"]
[Result "1/2-1/2"]
[WhiteElo "2458"]
[BlackElo "2388"]
[PlyCount "44"]
[EventDate "2013.09.22"]
[EventType "team-tourn"]
[EventRounds "11"]
[EventCountry "BEL"]
[SourceTitle "EXT 2015"]
[Source "ChessBase"]
[SourceDate "2014.11.20"]
[SourceVersion "1"]
[SourceVersionDate "2014.11.20"]
[SourceQuality "1"]
[WhiteTeam "Eynatten"]
[BlackTeam "Charleroi CREC"]
[WhiteTeamCountry "BEL"]
[BlackTeamCountry "BEL"]

1. d4 e6 2. c4 Nf6 3. Nc3 Bb4 4. Qc2 0-0 5. Nf3 c5 6. dxc5 Na6 7. g3 Nxc5 8. Bg2 Nce4 9. 0-0 Nxc3 10. bxc3 Be7 11. e4 d6 12. e5 dxe5 13. Nxe5 Qc7 14. Qe2 Bd6 15. Bf4 Ne8 16. c5 Qxc5 17. c4 f6 18. Nd3 Qc7 19. c5 Bxf4 20. Nxf4 e5 21. Qc4+ Kh8 22. Nd5 Qf7 1/2-1/2

[Event "BEL-chT 1314"]
[Site "Belgium"]
[Date "2013.09.22"]
[Round "1.5"]
[White "Saiboulatov, Danial"]
[Black "Donovan, Linton"]
[Result "1-0"]
[WhiteElo "2388"]
[BlackElo "2261"]
[PlyCount "121"]
[EventDate "2013.09.22"]
[EventType "team-tourn"]
[EventRounds "11"]
[EventCountry "BEL"]
[SourceTitle "CBM 156 Extra"]
[Source "ChessBase"]
[SourceDate "2013.10.22"]
[SourceVersion "1"]
[SourceVersionDate "2013.10.22"]
[SourceQuality "1"]
[WhiteTeam "Charleroi CREC"]
[BlackTeam "KBSK Brugge"]
[WhiteTeamCountry "BEL"]
[BlackTeamCountry "BEL"]

1. e4 e6 2. d4 d5 3. Nd2 Be7 4. Ngf3 Nf6 5. e5 Nfd7 6. Bd3 c5 7. c3 Nc6 8. 0-0 g5 9. dxc5 g4 10. Nd4 Ndxe5 11. Bb5 Bd7 12. N2b3 Bf6 13. f4 gxf3 14. Nxf3 Ng6 15. Bh6 Qe7 16. Nfd4 Bg5 17. Qh5 Bxh6 18. Qxh6 0-0-0 19. Rae1 Nce5 20. Qh5 f5 21. Kh1 Rde8 22. Re2 Rhg8 23. g3 a6 24. Bxd7+ Qxd7 25. c6 Nxc6 26. Nc5 Qe7 27. Ncxe6 Nxd4 28. Nxd4 Qd7 29. Qxf5 Rxe2 30. Nxe2 Re8 31. Nd4 Qxf5 32. Rxf5 Re1+ 33. Kg2 Rb1 34. b3 Rc1 35. Rxd5 Rxc3 36. h4 Ne7 37. Rh5 Rd3 38. Nf3 Nd5 39. Rxh7 Ne3+ 40. Kh3 Nf5 41. Kg2 Ne3+ 42. Kh3 Nf5 43. Kg4 Ne3+ 44. Kg5 Nf1 45. Rf7 Nxg3 46. Kg4 Ne4 47. h5 Rd6 48. Nh4 Nf6+ 49. Kg5 Ne4+ 50. Kf4 Rd4 51. Nf5 Nd6+ 52. Nxd4 Nxf7 53. Nf5 Kd7 54. h6 Ke6 55. h7 b5 56. b4 Nh8 57. Kg5 Kf7 58. Kh6 Kf6 59. Nd6 Ng6 60. Ne8+ Kf7 61. Nc7 1-0

[Event "BEL-chT 1213"]
[Site "Belgium"]
[Date "2012.11.18"]
[Round "4.2"]
[White "Saiboulatov, Danial"]
[Black "Beeckmans, Felix"]
[Result "1-0"]
[WhiteElo "2380"]
[BlackElo "2289"]
[PlyCount "120"]
[EventDate "2012.09.23"]
[EventType "team-tourn"]
[EventRounds "11"]
[EventCountry "BEL"]
[SourceTitle "CBM 151 Extra"]
[Source "ChessBase"]
[SourceDate "2012.12.18"]
[SourceVersion "1"]
[SourceVersionDate "2012.12.18"]
[SourceQuality "1"]
[WhiteTeam "Charleroi CREC"]
[BlackTeam "Anderlecht"]
[WhiteTeamCountry "BEL"]
[BlackTeamCountry "BEL"]

1. e4 c5 2. Nf3 g6 3. d4 cxd4 4. Nxd4 Bg7 5. Nc3 Nc6 6. Nde2 d6 7. h3 Nf6 8. g4 0-0 9. Bg2 a5 10. a4 Nb4 11. 0-0 Nd7 12. Nb5 Nc5 13. Nf4 Be6 14. Nd5 Bd7 15. Nbc3 Nxd5 16. exd5 Qe8 17. Re1 Nxa4 18. Nxa4 Bxa4 19. Bg5 f6 20. Bf4 Qd7 21. b3 Bb5 22. c4 Ba6 23. Rxa5 f5 24. Bg5 fxg4 25. Re6 Bf6 26. Qxg4 Rf7 27. Ra2 b6 28. h4 Bb7 29. Rxa8+ Bxa8 30. h5 gxh5 31. Qh3 Bb7 32. Bh6 Bc8 33. Qxh5 Qe8 34. Re3 Be5 35. Qg5+ Kh8 36. Rxe5 dxe5 37. Qxe5+ Kg8 38. Qg3+ Kh8 39. Bf4 Rg7 40. Be5 Qg6 41. Qxg6 hxg6 42. Kf1 Kg8 43. Bxg7 Kxg7 44. Ke2 Kf6 45. Ke3 g5 46. Kd4 e5+ 47. dxe6 Bxe6 48. b4 Kf5 49. c5 bxc5+ 50. Kxc5 Kf4 51. b5 Bc8 52. Kd6 g4 53. Kc7 Bf5 54. b6 Be4 55. Bxe4 Kxe4 56. b7 Kf3 57. b8Q Kxf2 58. Qb2+ Kf3 59. Qf6+ Kg2 60. Kd6 g3 1-0

[Event "BEL-chT 1213"]
[Site "Belgium"]
[Date "2012.10.07"]
[Round "2.3"]
[White "Zaragatski, Ilja"]
[Black "Saiboulatov, Danial"]
[Result "1/2-1/2"]
[WhiteElo "2471"]
[BlackElo "2380"]
[PlyCount "28"]
[EventDate "2012.09.23"]
[EventType "team-tourn"]
[EventRounds "11"]
[EventCountry "BEL"]
[SourceTitle "CBM 150 Extra"]
[Source "ChessBase"]
[SourceDate "2012.10.19"]
[SourceVersion "1"]
[SourceVersionDate "2012.10.19"]
[SourceQuality "1"]
[WhiteTeam "Amay"]
[BlackTeam "Charleroi CREC"]
[WhiteTeamCountry "BEL"]
[BlackTeamCountry "BEL"]

1. Nf3 Nf6 2. g3 b5 3. Bg2 Bb7 4. d4 e6 5. 0-0 Be7 6. Bg5 Na6 7. Qd3 Nb4 8. Qd1 Na6 9. Nbd2 c5 10. c3 h6 11. Bxf6 Bxf6 12. a3 0-0 13. b4 cxd4 14. cxd4 Qb6 1/2-1/2

[Event "BEL-chT 1213"]
[Site "Belgium"]
[Date "2012.09.23"]
[Round "1.5"]
[White "Saiboulatov, Danial"]
[Black "Claesen, Pieter"]
[Result "1/2-1/2"]
[WhiteElo "2380"]
[BlackElo "2347"]
[PlyCount "39"]
[EventDate "2012.09.23"]
[EventType "team-tourn"]
[EventRounds "11"]
[EventCountry "BEL"]
[SourceTitle "CBM 150 Extra"]
[Source "ChessBase"]
[SourceDate "2012.10.19"]
[SourceVersion "1"]
[SourceVersionDate "2012.10.19"]
[SourceQuality "1"]
[WhiteTeam "Charleroi CREC"]
[BlackTeam "Fontaine"]
[WhiteTeamCountry "BEL"]
[BlackTeamCountry "BEL"]

1. e4 e6 2. d4 d5 3. Nd2 Be7 4. Ngf3 Nf6 5. e5 Nfd7 6. c3 c5 7. Bd3 Nc6 8. 0-0 g5 9. Bb1 b6 10. g4 Nf8 11. Re1 Ng6 12. Nf1 h5 13. h3 Nf4 14. Bxf4 gxf4 15. Bd3 Bd7 16. N1h2 hxg4 17. hxg4 Bg5 18. b3 Qe7 19. a3 Kf8 20. dxc5 1/2-1/2

[Event "BEL-chT 1112"]
[Site "Belgium"]
[Date "2011.10.23"]
[Round "2.4"]
[White "De Haan, Eric"]
[Black "Saiboulatov, Danial"]
[Result "1/2-1/2"]
[WhiteElo "2323"]
[BlackElo "2395"]
[PlyCount "42"]
[EventDate "2011.10.09"]
[EventType "team-tourn"]
[EventRounds "11"]
[EventCountry "BEL"]
[SourceTitle "EXT 2012"]
[Source "ChessBase"]
[SourceDate "2011.11.24"]
[SourceVersion "1"]
[SourceVersionDate "2011.11.24"]
[SourceQuality "1"]
[WhiteTeam "Borgerhout"]
[BlackTeam "Charleroi CREC"]
[WhiteTeamCountry "BEL"]
[BlackTeamCountry "BEL"]

1. d4 e6 2. c4 c5 3. d5 Nf6 4. Nf3 exd5 5. cxd5 Bd6 6. Nc3 0-0 7. g3 Bc7 8. Bg2 d6 9. 0-0 a6 10. a4 Nbd7 11. e4 Re8 12. Nh4 Rb8 13. Nf5 Nf8 14. Qf3 Bxf5 15. Qxf5 Re5 16. Qf3 b5 17. axb5 axb5 18. Bf4 Re8 19. Bg5 N8d7 20. Bh3 Ne5 21. Qf5 b4 1/2-1/2

[Event "BEL-chT 0910"]
[Site "Belgium"]
[Date "2010.02.28"]
[Round "9"]
[White "Saiboulatov, Danial"]
[Black "Mikhalevski, Victor"]
[Result "0-1"]
[WhiteElo "2398"]
[BlackElo "2610"]
[PlyCount "90"]
[EventDate "2009.09.27"]
[EventType "team-tourn"]
[EventRounds "11"]
[EventCountry "BEL"]
[SourceTitle "EXT 2011"]
[Source "ChessBase"]
[SourceDate "2010.11.26"]
[SourceVersion "1"]
[SourceVersionDate "2010.11.26"]
[SourceQuality "1"]
[WhiteTeam "Charleroi CREC"]
[BlackTeam "KSK47 Eynatten"]
[WhiteTeamCountry "BEL"]
[BlackTeamCountry "BEL"]

1. e4 e5 2. Nf3 Nc6 3. Bb5 a6 4. Ba4 Nf6 5. 0-0 Be7 6. Re1 b5 7. Bb3 d6 8. c3 0-0 9. h3 Nb8 10. d4 Nbd7 11. Nbd2 Bb7 12. Bc2 Re8 13. b3 Bf8 14. d5 c6 15. c4 Qc7 16. Bd3 cxd5 17. cxd5 Qc3 18. Qc2 Qxa1 19. Ba3 Qxe1+ 20. Nxe1 Nc5 21. Bf1 Rec8 22. Qb1 g6 23. Nef3 Rc7 24. g4 Bc8 25. Qe1 Bd7 26. Bb2 Bg7 27. Qe3 Rac8 28. Ne1 Ne8 29. Be2 f5 30. f3 Nf6 31. Bd1 Rb7 32. Bc2 fxg4 33. fxg4 h5 34. g5 Nh7 35. Bd1 Rf8 36. Ng2 Be8 37. Ba3 b4 38. Bc1 Bb5 39. Nc4 Bxc4 40. bxc4 Rbf7 41. Qe2 Rf4 42. Nxf4 exf4 43. Qd2 Nxg5 44. Qc2 Bd4+ 45. Kh2 Be5 0-1